[Event "66. Armenia ch 2006"]
[Site "Yerevan ARM"]
[Date "2006.03.16"]
[Round "1.2"]
[White "Kalashian, David"]
[Black "Nalbandian, Tigran"]
[Result "0-1"]
[WhiteElo "2319"]
[BlackElo "2524"]
[PlyCount "84"]
[EventDate "2006.03.16"]
[EventType "tourn"]
[EventRounds "9"]
[EventCountry "ARM"]
[EventCategory "11"]
[Source "lmi"]
[SourceDate "2006.03.25"]

1. d4 Nf6 2. c4 g6 3. Nc3 Bg7 4. e4 d6 5. Be2 O-O 6. Bg5 h6 7. Be3 c5 8. dxc5
Qa5 9. Bd2 Qxc5 10. Nf3 Bg4 11. Be3 Qa5 12. O-O Nc6 13. h3 Bxf3 14. Bxf3 Qb4
15. Qb3 a5 16. Be2 a4 17. Qc2 Rfc8 18. a3 Qb3 19. Qxb3 axb3 20. f4 Nd7 21. Bg4
e6 22. f5 exf5 23. exf5 h5 24. Bf3 Bxc3 25. bxc3 gxf5 26. Bd5 Nf6 27. Rxf5 Nxd5
28. Rxd5 Na5 29. c5 Nc4 30. Rg5+ Kf8 31. Bd4 b2 32. Rb1 Ra5 33. Rxh5 Ke8 34.
Rh4 Kd7 35. Rf4 Rxa3 36. Rxf7+ Kc6 37. Rf2 dxc5 38. Bg7 Rg8 39. Bf6 Rf8 40. g4
Ra1 41. Rfxb2 Rxb1+ 42. Rxb1 Rxf6 0-1

[Event "66. Armenia ch 2006"]
[Site "Yerevan ARM"]
[Date "2006.03.16"]
[Round "1.4"]
[White "Yegiazarian, Arsen"]
[Black "Pashikian, Arman"]
[Result "0-1"]
[WhiteElo "2531"]
[BlackElo "2472"]
[PlyCount "72"]
[EventDate "2006.03.16"]
[EventType "tourn"]
[EventRounds "9"]
[EventCountry "ARM"]
[EventCategory "11"]
[Source "lmi"]
[SourceDate "2006.03.25"]

1. Nf3 Nf6 2. d4 e6 3. e3 d5 4. Bd3 Bd6 5. O-O O-O 6. Nbd2 c5 7. c3 Nbd7 8. Re1
b6 9. e4 dxe4 10. Nxe4 Be7 11. Bf4 Bb7 12. Nd6 Qc7 13. dxc5 Nxc5 14. Nxb7 Qxf4
15. Nxc5 Bxc5 16. Qe2 Rfd8 17. Rad1 Ng4 18. Rf1 Rd5 19. g3 Qh6 20. b4 Bxf2+ 21.
Rxf2 Nxf2 22. Kxf2 Rad8 23. c4 R5d7 24. c5 bxc5 25. bxc5 g6 26. c6 Rd5 27. c7
Rc8 28. Ba6 Rxc7 29. Rxd5 exd5 30. Qe5 Rc2+ 31. Be2 Qf8 32. Qxd5 Qe7 33. Nd4
Rd2 34. Qc4 Qe4 35. Qc8+ Kg7 36. Ne6+ Qxe6 0-1

[Event "66. Armenia ch 2006"]
[Site "Yerevan ARM"]
[Date "2006.03.16"]
[Round "1.5"]
[White "Minasian, Artashes"]
[Black "Minasian, Ara"]
[Result "1-0"]
[WhiteElo "2574"]
[BlackElo "2487"]
[PlyCount "141"]
[EventDate "2006.03.16"]
[EventType "tourn"]
[EventRounds "9"]
[EventCountry "ARM"]
[EventCategory "11"]
[Source "lmi"]
[SourceDate "2006.03.25"]

1. Nf3 d6 2. d4 g6 3. e4 Nf6 4. Bd3 Bg7 5. O-O O-O 6. c3 Nc6 7. Re1 e5 8. Bb5
Ne7 9. dxe5 dxe5 10. Qc2 c6 11. Bc4 Qc7 12. a4 Bg4 13. Nbd2 Rad8 14. h3 Bc8 15.
Nf1 Nh5 16. Be3 h6 17. Red1 Rxd1 18. Rxd1 b6 19. Qd2 Kh7 20. Qd6 Qxd6 21. Rxd6
Nf6 22. Ng3 Ne8 23. Rd8 f5 24. Ng5+ hxg5 25. Bxg5 Nc7 26. Bxe7 Rxd8 27. Bxd8
Ne6 28. Be7 Nc5 29. Bxc5 bxc5 30. Bd3 f4 31. Nf1 Kg8 32. Nd2 Kf7 33. Kf1 Ke7
34. Ke2 Bf6 35. Bc4 Bg7 36. Nb3 Kd6 37. Kf3 g5 38. Bf7 Bf6 39. Nd2 Ba6 40. Bc4
Bc8 41. Ke2 g4 42. hxg4 Bxg4+ 43. Ke1 Bc8 44. Bf7 Ba6 45. Bc4 Bc8 46. Be2 Be6
47. Kf1 Kc7 48. Bc4 Bg4 49. Bf7 Bd1 50. Bb3 Bg4 51. Ke1 Bh4 52. Bc4 Bf6 53. Bf7
Bc8 54. Bg6 Ba6 55. Bf5 Bd3 56. Be6 Ba6 57. c4 Bd8 58. b3 Kd6 59. Bf5 Ba5 60.
Ke2 Ke7 61. Nf3 Kd6 62. g4 fxg3 63. fxg3 Bc3 64. g4 Bb2 65. g5 Ke7 66. Kf2 Bb7
67. Kg3 Kf7 68. Kg4 Kg7 69. Be6 Kg6 70. Nh4+ Kg7 71. Kf5 1-0

[Event "66. Armenia ch 2006"]
[Site "Yerevan ARM"]
[Date "2006.03.17"]
[Round "2.1"]
[White "Asrian, Karen"]
[Black "Minasian, Ara"]
[Result "1-0"]
[WhiteElo "2646"]
[BlackElo "2487"]
[PlyCount "79"]
[EventDate "2006.03.16"]
[EventType "tourn"]
[EventRounds "9"]
[EventCountry "ARM"]
[EventCategory "11"]
[Source "lmi"]
[SourceDate "2006.03.25"]

1. e4 e5 2. Nf3 Nc6 3. Bb5 Nf6 4. d3 d6 5. c3 g6 6. Bg5 Bg7 7. Nbd2 h6 8. Bh4
O-O 9. Nf1 Bd7 10. Ne3 Nb8 11. Bc4 b5 12. Bb3 Na6 13. O-O Re8 14. a4 bxa4 15.
Bxa4 Nc5 16. Bxd7 Ncxd7 17. b4 c6 18. Ra6 Qc8 19. Qa1 Nb6 20. Qa2 Qb7 21. Ra1
Nc8 22. Bxf6 Bxf6 23. Nc4 Bd8 24. h4 Re7 25. h5 Kg7 26. g3 Rd7 27. Kg2 Ne7 28.
Rh1 Bc7 29. Ne3 g5 30. Nc4 f6 31. Ra1 d5 32. exd5 cxd5 33. Qa4 Qc8 34. Ne3 Bd8
35. Re6 Rc7 36. Qa6 Rxc3 37. Rxf6 Qxa6 38. Raxa6 Bc7 39. Rfe6 Ng8 40. Nxd5 1-0

[Event "66. Armenia ch 2006"]
[Site "Yerevan ARM"]
[Date "2006.03.17"]
[Round "2.5"]
[White "Anastasian, Ashot"]
[Black "Kalashian, David"]
[Result "1-0"]
[WhiteElo "2602"]
[BlackElo "2319"]
[PlyCount "119"]
[EventDate "2006.03.16"]
[EventType "tourn"]
[EventRounds "9"]
[EventCountry "ARM"]
[EventCategory "11"]
[Source "lmi"]
[SourceDate "2006.03.25"]

1. d4 Nf6 2. c4 e6 3. Nc3 Bb4 4. Qc2 c5 5. dxc5 O-O 6. a3 Bxc5 7. Nf3 b6 8. Bf4
Nh5 9. Bg5 Be7 10. h4 Bb7 11. O-O-O Na6 12. e4 Rc8 13. Be2 Nc5 14. e5 f5 15.
Rd4 Be4 16. Nxe4 fxe4 17. Rxe4 Nxe4 18. Qxe4 g6 19. Bh6 Rf7 20. Kb1 Qc7 21. Bd3
Bf8 22. Be3 Bg7 23. Rc1 Rxf3 24. Qxf3 Qxe5 25. Rc2 d5 26. Bc1 Rf8 27. Qd1 Nf4
28. Bf1 d4 29. g3 Nh5 30. Bd3 Qd6 31. Re2 Qc6 32. Qb3 Kh8 33. Be4 Qc5 34. Bg5
Nf6 35. Bxf6 Bxf6 36. Qd3 Bg7 37. f4 Rc8 38. Rc2 Qh5 39. Ka2 Qc5 40. Qf3 Qh5
41. Qd3 Qc5 42. Qd1 Qh5 43. Bf3 Qc5 44. Be4 Qh5 45. Qf1 Qg4 46. Qd3 Qh5 47. Rc1
Rf8 48. Rf1 Rc8 49. Qb3 Qc5 50. Bd3 Rf8 51. Qa4 a5 52. Re1 e5 53. fxe5 Bxe5 54.
Qd7 Qd6 55. Qb7 Rf2 56. h5 Rd2 57. hxg6 hxg6 58. Qf7 Rh2 59. Qe8+ Kh7 60. Rxe5
1-0

[Event "66. Armenia ch 2006"]
[Site "Yerevan ARM"]
[Date "2006.03.18"]
[Round "3.3"]
[White "Yegiazarian, Arsen"]
[Black "Nalbandian, Tigran"]
[Result "0-1"]
[WhiteElo "2531"]
[BlackElo "2524"]
[PlyCount "124"]
[EventDate "2006.03.16"]
[EventType "tourn"]
[EventRounds "9"]
[EventCountry "ARM"]
[EventCategory "11"]
[Source "lmi"]
[SourceDate "2006.03.25"]

1. e4 Nf6 2. e5 Nd5 3. c4 Nb6 4. c5 Nd5 5. Nc3 e6 6. d4 d6 7. cxd6 cxd6 8. Nf3
Nc6 9. Bb5 Bd7 10. Nxd5 exd5 11. O-O Be7 12. exd6 Bxd6 13. Bxc6 bxc6 14. Re1+
Kf8 15. Ne5 Bxe5 16. dxe5 Be6 17. Be3 h6 18. Rc1 Qd7 19. Qa4 Kg8 20. Qxc6 Qxc6
21. Rxc6 a5 22. Bd4 Kh7 23. f3 Rhb8 24. Kf2 Rb4 25. Ke3 Rab8 26. Re2 h5 27.
Rec2 Ra4 28. b3 Rab4 29. Ra6 a4 30. bxa4 Rb1 31. a5 Bf5 32. Rd2 Rc1 33. Rb6 Ra8
34. Rb5 Be6 35. Bb6 Rc3+ 36. Kf2 Ra3 37. Rb4 Rc8 38. Rb3 Ra4 39. a3 Rcc4 40.
Rbd3 g5 41. h3 Kg6 42. Rb2 Kf5 43. Re2 h4 44. Rb3 Rc1 45. Be3 Ra1 46. Rb8 d4
47. Bd2 d3 48. Re4 Rxe4 49. fxe4+ Kxe4 50. Rb4+ Kd5 51. Rb3 Kc4 52. Rb4+ Kd5
53. Rb5+ Kd4 54. Rb4+ Bc4 55. Rb2 Rxa3 56. Bxg5 Rxa5 57. Bf6 Be6 58. Rd2 Kc3
59. Ke3 Rd5 60. Bg7 f5 61. Rd1 d2 62. Ke2 Kc2 0-1

[Event "66. Armenia ch 2006"]
[Site "Yerevan ARM"]
[Date "2006.03.19"]
[Round "4.1"]
[White "Asrian, Karen"]
[Black "Pashikian, Arman"]
[Result "1-0"]
[WhiteElo "2646"]
[BlackElo "2472"]
[PlyCount "83"]
[EventDate "2006.03.16"]
[EventType "tourn"]
[EventRounds "9"]
[EventCountry "ARM"]
[EventCategory "11"]
[Source "lmi"]
[SourceDate "2006.03.25"]

1. e4 e5 2. Nf3 Nc6 3. Bb5 Nf6 4. d3 Bc5 5. c3 O-O 6. Bg5 Re8 7. Nbd2 h6 8. Bh4
Be7 9. O-O d6 10. a4 a6 11. Bc4 Nh5 12. Bg3 g6 13. h3 Rf8 14. Bh2 Bg5 15. Nxg5
hxg5 16. Re1 Kg7 17. Nf1 Nf4 18. Ne3 Rh8 19. d4 Bxh3 20. gxh3 Nxh3+ 21. Kf1 Nf4
22. Bxf4 gxf4 23. Qf3 Qd7 24. dxe5 Rh4 25. e6 fxe6 26. Ng4 e5 27. Be2 Nd8 28.
Kg2 Nf7 29. Rh1 Rah8 30. Rxh4 Rxh4 31. Rh1 Ng5 32. Rxh4 Nxf3 33. Rh7+ Kxh7 34.
Nf6+ Kg7 35. Nxd7 Ng5 36. c4 Kf7 37. c5 Ke7 38. c6 b6 39. Bxa6 f3+ 40. Kg3
Nxe4+ 41. Kxf3 d5 42. Nxe5 1-0

[Event "66. Armenia ch 2006"]
[Site "Yerevan ARM"]
[Date "2006.03.19"]
[Round "4.2"]
[White "Nalbandian, Tigran"]
[Black "Minasian, Artashes"]
[Result "0-1"]
[WhiteElo "2524"]
[BlackElo "2574"]
[PlyCount "100"]
[EventDate "2006.03.16"]
[EventType "tourn"]
[EventRounds "9"]
[EventCountry "ARM"]
[EventCategory "11"]
[Source "lmi"]
[SourceDate "2006.03.25"]

1. Nf3 g6 2. d4 Bg7 3. g3 c5 4. Bg2 cxd4 5. Nxd4 Nc6 6. Nxc6 bxc6 7. O-O Rb8 8.
c3 Qc7 9. e4 d6 10. Nd2 Nf6 11. Re1 O-O 12. Nc4 Be6 13. Qa4 Nd7 14. Ne3 a5 15.
f4 Nc5 16. Qc2 f5 17. exf5 gxf5 18. b3 d5 19. Ba3 Ne4 20. Bxe4 fxe4 21. Bc5 Bh3
22. Rad1 e5 23. Bxf8 Rxf8 24. f5 Qa7 25. Kh1 Bh6 26. Qe2 Bxe3 27. Qxe3 Qxe3 28.
Rxe3 Rxf5 29. c4 Kf7 30. cxd5 cxd5 31. g4 Rf3 32. Rxf3+ exf3 33. Kg1 Ke6 34. g5
e4 35. Kf2 Ke5 36. Ke3 Bd7 37. h4 Be8 38. a4 Bh5 39. b4 axb4 40. a5 f2 41. Rb1
d4+ 42. Kxf2 e3+ 43. Kg3 d3 44. g6 hxg6 45. a6 d2 46. a7 e2 47. a8=Q e1=Q+ 48.
Kh2 Qf2+ 49. Kh3 Qf3+ 50. Qxf3 Bxf3 0-1

[Event "66. Armenia ch 2006"]
[Site "Yerevan ARM"]
[Date "2006.03.19"]
[Round "4.3"]
[White "Petrosian, Tigran L"]
[Black "Minasian, Ara"]
[Result "1-0"]
[WhiteElo "2558"]
[BlackElo "2487"]
[PlyCount "59"]
[EventDate "2006.03.16"]
[EventType "tourn"]
[EventRounds "9"]
[EventCountry "ARM"]
[EventCategory "11"]
[Source "lmi"]
[SourceDate "2006.03.25"]

1. e4 e5 2. Nf3 Nc6 3. Bb5 Nf6 4. O-O Nxe4 5. Qe2 Ng5 6. Nxg5 Qxg5 7. d4 Qe7 8.
dxe5 Nd4 9. Qd3 Qxe5 10. Bd2 Ne6 11. Re1 Qd6 12. Qh3 Be7 13. Bd3 c6 14. Nc3 Qc7
15. f4 g6 16. g4 O-O 17. f5 Ng5 18. Qe3 Bf6 19. Rf1 d5 20. fxg6 d4 21. gxh7+
Kg7 22. Qe1 dxc3 23. Bxc3 Qb6+ 24. Kh1 Bd4 25. Qh4 Ne6 26. Qf6+ Bxf6 27. Bxf6+
Kh6 28. Rf5 Ng7 29. Rh5+ Nxh5 30. g5# 1-0

[Event "66. Armenia ch 2006"]
[Site "Yerevan ARM"]
[Date "2006.03.20"]
[Round "5.1"]
[White "Kotanjian, Tigran"]
[Black "Asrian, Karen"]
[Result "1-0"]
[WhiteElo "2471"]
[BlackElo "2646"]
[PlyCount "145"]
[EventDate "2006.03.16"]
[EventType "tourn"]
[EventRounds "9"]
[EventCountry "ARM"]
[EventCategory "11"]
[Source "lmi"]
[SourceDate "2006.03.25"]

1. d4 Nf6 2. c4 e6 3. Nc3 d5 4. cxd5 exd5 5. Bg5 Nbd7 6. e3 Be7 7. Nf3 c6 8.
Bd3 O-O 9. Qc2 Re8 10. O-O Nf8 11. h3 Be6 12. a3 N6d7 13. Bf4 Nb6 14. b4 Bd6
15. Bxd6 Qxd6 16. Rfc1 a6 17. a4 f6 18. Rab1 Bf7 19. Nh4 Be6 20. Ne2 Nc4 21.
Bxc4 dxc4 22. a5 Nd7 23. Nc3 Bd5 24. Nf5 Qf8 25. e4 Bf7 26. Na4 Rad8 27. Rd1
Kh8 28. f3 Bg6 29. Nh4 Bf7 30. Nc5 g6 31. Nxb7 Rb8 32. Nc5 Nxc5 33. dxc5 Rxb4
34. Rd6 Rxb1+ 35. Qxb1 Re6 36. Qd1 c3 37. g4 c2 38. Qxc2 Rxd6 39. cxd6 Qxd6 40.
Qc3 Kg8 41. Ng2 c5 42. Kf2 c4 43. h4 h6 44. Kf1 h5 45. gxh5 gxh5 46. Kf2 Kg7
47. f4 Qc6 48. Ke3 Qc5+ 49. Kf3 Qg1 50. Qe1 Qd4 51. Ne3 Qd3 52. Qg1+ Kh7 53.
Qd1 Qb3 54. Qd6 c3 55. Qxf6 c2 56. Qf5+ Kg7 57. Qe5+ Kg8 58. Qg5+ Kh7 59. Qf5+
Kg7 60. Qc5 Bc4 61. Kf2 Qc3 62. Nf5+ Kf7 63. Qc7+ Kf8 64. Qd8+ Kf7 65. e5 Qe1+
66. Kxe1 c1=Q+ 67. Qd1 Qc3+ 68. Qd2 Qa1+ 69. Kf2 Qf1+ 70. Kg3 Qg1+ 71. Qg2 Qe1+
72. Qf2 Qxa5 73. Nd6+ 1-0

[Event "66. Armenia ch 2006"]
[Site "Yerevan ARM"]
[Date "2006.03.20"]
[Round "5.3"]
[White "Yegiazarian, Arsen"]
[Black "Kalashian, David"]
[Result "1-0"]
[WhiteElo "2531"]
[BlackElo "2319"]
[PlyCount "123"]
[EventDate "2006.03.16"]
[EventType "tourn"]
[EventRounds "9"]
[EventCountry "ARM"]
[EventCategory "11"]
[Source "lmi"]
[SourceDate "2006.03.25"]

1. e4 c5 2. Nf3 d6 3. Nc3 Nf6 4. d4 cxd4 5. Nxd4 a6 6. f4 Qc7 7. Bd3 e6 8. Qf3
Be7 9. g4 Nc6 10. Nxc6 bxc6 11. g5 Nd7 12. b3 Qa5 13. Bd2 Qc7 14. h4 d5 15. h5
Bb7 16. g6 fxg6 17. hxg6 h6 18. Na4 c5 19. Qe2 Nf6 20. exd5 exd5 21. Qe6 Rf8
22. O-O-O Qc6 23. Rhe1 Ne4 24. Qxc6+ Bxc6 25. Nb6 Ra7 26. Nxd5 Nxd2 27. Nxe7
Rxe7 28. Kxd2 Rxf4 29. Bxa6 h5 30. Bc4 h4 31. Rxe7+ Kxe7 32. Re1+ Kd6 33. Re6+
Kd7 34. Re5 h3 35. Rh5 Rf2+ 36. Ke3 Rf3+ 37. Ke2 Rg3 38. Bd5 Bxd5 39. Rxd5+ Kc6
40. Rh5 Kb5 41. Rh4 Kc6 42. a4 Kd5 43. Kd2 Ke5 44. a5 Rxg6 45. Rxh3 Ra6 46.
Rh5+ Kd6 47. Kc3 Rxa5 48. Kc4 Ra2 49. Rd5+ Ke6 50. c3 Rg2 51. Rxc5 g5 52. b4 g4
53. b5 g3 54. Rg5 Kd6 55. b6 Rg1 56. Rg6+ Kd7 57. Kc5 g2 58. c4 Kd8 59. Rg8+
Kd7 60. Rg7+ Ke6 61. b7 Rb1 62. Kc6 1-0

[Event "66. Armenia ch 2006"]
[Site "Yerevan ARM"]
[Date "2006.03.20"]
[Round "5.4"]
[White "Minasian, Ara"]
[Black "Nalbandian, Tigran"]
[Result "1/2-1/2"]
[WhiteElo "2487"]
[BlackElo "2524"]
[PlyCount "118"]
[EventDate "2006.03.16"]
[EventType "tourn"]
[EventRounds "9"]
[EventCountry "ARM"]
[EventCategory "11"]
[Source "lmi"]
[SourceDate "2006.03.25"]

1. c4 Nf6 2. Nc3 g6 3. g3 Bg7 4. Bg2 O-O 5. d4 d6 6. Nf3 c6 7. O-O Qa5 8. h3
Qa6 9. Qb3 Nbd7 10. Be3 Nb6 11. Nd2 d5 12. c5 Nbd7 13. Qc2 e5 14. dxe5 Nxe5 15.
Bd4 Bf5 16. Qd1 Rfe8 17. g4 Bc8 18. f4 Nc4 19. Nxc4 Qxc4 20. b3 Qb4 21. a3 Qa5
22. b4 Qc7 23. Qd2 a5 24. Rad1 axb4 25. axb4 Ra3 26. Qb2 Ra8 27. e4 dxe4 28.
Nxe4 Nxe4 29. Bxg7 f5 30. Be5 Qf7 31. Ra1 Rxa1 32. Rxa1 Be6 33. Qd4 h5 34. gxf5
gxf5 35. Kh2 Kh7 36. Bxe4 fxe4 37. Rg1 Qf5 38. Rg7+ Kh6 39. Qe3 Qxh3+ 40. Qxh3
Bxh3 41. Rxb7 e3 42. Bg7+ Kg6 43. Kxh3 e2 44. Bc3 Re3+ 45. Kg2 Rxc3 46. Kf2 Re3
47. Ke1 h4 48. Rb8 h3 49. Rh8 Kf5 50. b5 cxb5 51. c6 Rc3 52. c7 Rxc7 53. Rxh3
Ke4 54. Rb3 Rb7 55. Kxe2 Kd4 56. Kf3 b4 57. f5 Kc4 58. Rb1 b3 59. Kf4 b2
1/2-1/2

[Event "66. Armenia ch 2006"]
[Site "Yerevan ARM"]
[Date "2006.03.20"]
[Round "5.5"]
[White "Pashikian, Arman"]
[Black "Petrosian, Tigran L"]
[Result "1/2-1/2"]
[WhiteElo "2472"]
[BlackElo "2558"]
[PlyCount "38"]
[EventDate "2006.03.16"]
[EventType "tourn"]
[EventRounds "9"]
[EventCountry "ARM"]
[EventCategory "11"]
[Source "lmi"]
[SourceDate "2006.03.25"]

1. e4 c5 2. Nf3 d6 3. d4 cxd4 4. Nxd4 Nf6 5. Nc3 a6 6. Be3 e5 7. Nb3 Be6 8. f3
Be7 9. Qd2 O-O 10. O-O-O Nbd7 11. g4 b5 12. g5 b4 13. Ne2 Ne8 14. f4 a5 15. f5
a4 16. fxe6 axb3 17. exf7+ Rxf7 18. cxb3 Rxa2 19. Ng3 Rxf1 1/2-1/2

[Event "66. Armenia ch 2006"]
[Site "Yerevan ARM"]
[Date "2006.03.21"]
[Round "6.1"]
[White "Asrian, Karen"]
[Black "Petrosian, Tigran L"]
[Result "1/2-1/2"]
[WhiteElo "2646"]
[BlackElo "2558"]
[PlyCount "52"]
[EventDate "2006.03.16"]
[EventType "tourn"]
[EventRounds "9"]
[EventCountry "ARM"]
[EventCategory "11"]
[Source "lmi"]
[SourceDate "2006.03.25"]

1. e4 c5 2. Nf3 d6 3. d4 cxd4 4. Nxd4 Nf6 5. Nc3 a6 6. a4 g6 7. Be2 Bg7 8. O-O
O-O 9. Be3 Nc6 10. f4 Bg4 11. Bxg4 Nxg4 12. Qxg4 Nxd4 13. Qd1 Nc6 14. Nd5 b5
15. axb5 axb5 16. Qd3 e6 17. Qxb5 Rxa1 18. Rxa1 Nd4 19. Qd3 Nxc2 20. Qxc2 exd5
21. exd5 Qe7 22. Bf2 Qb7 23. Qd2 Rb8 24. h3 Qxb2 25. Qxb2 Rxb2 26. Ra8+ Bf8
1/2-1/2

[Event "66. Armenia ch 2006"]
[Site "Yerevan ARM"]
[Date "2006.03.21"]
[Round "6.3"]
[White "Anastasian, Ashot"]
[Black "Minasian, Ara"]
[Result "1-0"]
[WhiteElo "2602"]
[BlackElo "2487"]
[PlyCount "75"]
[EventDate "2006.03.16"]
[EventType "tourn"]
[EventRounds "9"]
[EventCountry "ARM"]
[EventCategory "11"]
[Source "lmi"]
[SourceDate "2006.03.25"]

1. Nf3 d6 2. d4 f5 3. c4 Nf6 4. Nc3 g6 5. g3 Bg7 6. Bg2 O-O 7. O-O Qe8 8. d5
Na6 9. Be3 h6 10. Rb1 c5 11. dxc6 bxc6 12. b4 Ng4 13. Nd4 Bd7 14. b5 cxb5 15.
cxb5 Nxe3 16. fxe3 Nc5 17. Bxa8 Qxa8 18. Nb3 Ne6 19. Nd5 Bxb5 20. Na5 a6 21. a4
Be8 22. Nxe7+ Kh7 23. Nc4 Ng5 24. Qd5 Qxd5 25. Nxd5 Bxa4 26. Rfc1 Ne4 27. Na3
Nc5 28. Rb6 Rd8 29. Kf1 h5 30. Nc4 Ne4 31. Na5 Re8 32. Rc7 Re5 33. Nf4 Nc5 34.
Nc4 Nd7 35. Rxa6 Bb5 36. Rxd6 Re4 37. Na3 Ba4 38. Rdxd7 1-0

[Event "66. Armenia ch 2006"]
[Site "Yerevan ARM"]
[Date "2006.03.21"]
[Round "6.4"]
[White "Kalashian, David"]
[Black "Minasian, Artashes"]
[Result "0-1"]
[WhiteElo "2319"]
[BlackElo "2574"]
[PlyCount "84"]
[EventDate "2006.03.16"]
[EventType "tourn"]
[EventRounds "9"]
[EventCountry "ARM"]
[EventCategory "11"]
[Source "lmi"]
[SourceDate "2006.03.25"]

1. e4 d6 2. d4 g6 3. Nc3 c6 4. g3 Bg7 5. Bg2 Nf6 6. Nge2 O-O 7. h3 e5 8. Be3
Nbd7 9. O-O Re8 10. a4 a5 11. g4 h5 12. g5 Nh7 13. h4 f6 14. f4 fxg5 15. fxg5
exd4 16. Bxd4 Ne5 17. Nf4 Nf8 18. Nce2 Kh7 19. Nd3 Bg4 20. Bxe5 dxe5 21. Bf3
Bxf3 22. Rxf3 Ne6 23. Qd2 Qd7 24. c3 Rf8 25. Qe3 Rxf3 26. Qxf3 Rf8 27. Qh3 Qe7
28. Rf1 Rxf1+ 29. Qxf1 Nc5 30. Ng3 Nxd3 31. Qxd3 Qe6 32. Qe2 Qh3 33. Nf5 Bf8
34. Qc4 Kh8 35. Nh6 Bxh6 36. gxh6 Qxh4 37. Qf7 Qg5+ 38. Kh1 Qc1+ 39. Kg2 Qxb2+
40. Kg3 Qxc3+ 41. Kh4 Qe1+ 42. Kg5 Qg3+ 0-1

[Event "66. Armenia ch 2006"]
[Site "Yerevan ARM"]
[Date "2006.03.21"]
[Round "6.5"]
[White "Kotanjian, Tigran"]
[Black "Yegiazarian, Arsen"]
[Result "1-0"]
[WhiteElo "2471"]
[BlackElo "2531"]
[PlyCount "69"]
[EventDate "2006.03.16"]
[EventType "tourn"]
[EventRounds "9"]
[EventCountry "ARM"]
[EventCategory "11"]
[Source "lmi"]
[SourceDate "2006.03.25"]

1. d4 Nf6 2. c4 e6 3. Nc3 Bb4 4. Qc2 d5 5. cxd5 exd5 6. Bg5 h6 7. Bh4 g5 8. Bg3
Ne4 9. e3 h5 10. Bd3 h4 11. Be5 f6 12. Bxe4 dxe4 13. d5 Qe7 14. a3 Qxe5 15.
axb4 Na6 16. O-O-O Bf5 17. Rd4 O-O-O 18. Nge2 Kb8 19. Rc4 Qd6 20. Nd4 Bg6 21.
Qa4 Bf7 22. Rc6 Qxb4 23. Rxa6 Qxa4 24. Rxa4 Bxd5 25. Ra5 c6 26. Nxd5 Rxd5 27.
Rxd5 cxd5 28. Kd2 a6 29. Rc1 Rd8 30. Rc5 Rd6 31. Kc3 Ka7 32. Nf5 Rd7 33. Kd4
Kb6 34. b4 Rd8 35. Ne7 1-0

[Event "66. Armenia ch 2006"]
[Site "Yerevan ARM"]
[Date "2006.03.22"]
[Round "7.1"]
[White "Yegiazarian, Arsen"]
[Black "Asrian, Karen"]
[Result "0-1"]
[WhiteElo "2531"]
[BlackElo "2646"]
[PlyCount "68"]
[EventDate "2006.03.16"]
[EventType "tourn"]
[EventRounds "9"]
[EventCountry "ARM"]
[EventCategory "11"]
[Source "lmi"]
[SourceDate "2006.03.25"]

1. d4 Nf6 2. c4 c5 3. Nf3 cxd4 4. Nxd4 e6 5. Nc3 Bb4 6. Qb3 Na6 7. Bd2 O-O 8.
e3 b6 9. Be2 Bb7 10. O-O Be7 11. Rfd1 Rc8 12. Rac1 d5 13. a3 Nc5 14. Qa2 dxc4
15. Bxc4 Bd6 16. Be1 Bxh2+ 17. Kxh2 Ng4+ 18. Kg1 Qh4 19. b4 Qh2+ 20. Kf1 Qxg2+
21. Ke2 Nd7 22. Kd2 Nxf2 23. Bxf2 Qxf2+ 24. Be2 Ne5 25. Rf1 Qh2 26. Ncb5 Bd5
27. Qb1 Nc4+ 28. Rxc4 Rxc4 29. Nc3 Rxc3 30. Kxc3 e5 31. Nf5 Qxe2 32. Ne7+ Kh8
33. Rd1 Qc4+ 34. Kd2 Bf3 0-1

[Event "66. Armenia ch 2006"]
[Site "Yerevan ARM"]
[Date "2006.03.22"]
[Round "7.2"]
[White "Pashikian, Arman"]
[Black "Anastasian, Ashot"]
[Result "1/2-1/2"]
[WhiteElo "2472"]
[BlackElo "2602"]
[PlyCount "81"]
[EventDate "2006.03.16"]
[EventType "tourn"]
[EventRounds "9"]
[EventCountry "ARM"]
[EventCategory "11"]
[Source "lmi"]
[SourceDate "2006.03.25"]

1. e4 c6 2. d4 d5 3. Nc3 dxe4 4. Nxe4 Bf5 5. Ng3 Bg6 6. h4 h6 7. Nf3 Nd7 8. h5
Bh7 9. Bd3 Bxd3 10. Qxd3 e6 11. Bf4 Qa5+ 12. Bd2 Qc7 13. O-O-O Ngf6 14. Ne4
O-O-O 15. g3 Be7 16. Kb1 c5 17. Bf4 Qc6 18. Nxf6 Bxf6 19. d5 Qb6 20. Qb3 Rhe8
21. dxe6 Rxe6 22. Rd5 Qxb3 23. axb3 Be7 24. Ne5 Nxe5 25. Rxe5 Rxe5 26. Bxe5 f6
27. Bf4 Rd5 28. c3 Kd7 29. Kc2 Bd6 30. c4 Rd4 31. Be3 Re4 32. Kd3 Re6 33. g4
Kc6 34. f4 a6 35. Rg1 b6 36. Bd2 Re7 37. g5 fxg5 38. fxg5 hxg5 39. Rxg5 Be5 40.
Rg6+ Kb7 41. Bc3 1/2-1/2

[Event "66. Armenia ch 2006"]
[Site "Yerevan ARM"]
[Date "2006.03.22"]
[Round "7.3"]
[White "Minasian, Ara"]
[Black "Kalashian, David"]
[Result "1-0"]
[WhiteElo "2487"]
[BlackElo "2319"]
[PlyCount "81"]
[EventDate "2006.03.16"]
[EventType "tourn"]
[EventRounds "9"]
[EventCountry "ARM"]
[EventCategory "11"]
[Source "lmi"]
[SourceDate "2006.03.25"]

1. c4 e6 2. Nc3 Nf6 3. Nf3 Bb4 4. Qc2 O-O 5. a3 Bxc3 6. Qxc3 b6 7. e3 Bb7 8.
Be2 d6 9. b4 Nbd7 10. Bb2 e5 11. O-O Re8 12. d4 Qe7 13. dxe5 Nxe5 14. Nxe5 dxe5
15. f3 Nd7 16. Rfd1 Nf8 17. Rac1 Ng6 18. c5 Qg5 19. c6 Bc8 20. f4 Qf6 21. Rd7
Bxd7 22. cxd7 Red8 23. Bf3 Rab8 24. Qxc7 Qe6 25. Rd1 e4 26. Be2 Nf8 27. Be5 Ra8
28. Bb5 Qb3 29. Qc1 a6 30. Bc6 Ra7 31. Rd4 Qe6 32. Rxe4 Nxd7 33. Bxg7 Qg6 34.
Bb2 Rc7 35. Qc3 Nf6 36. Qxf6 Rd1+ 37. Kf2 Rd2+ 38. Ke1 Re2+ 39. Kxe2 Qxg2+ 40.
Kd3 Qf1+ 41. Kc2 1-0

[Event "66. Armenia ch 2006"]
[Site "Yerevan ARM"]
[Date "2006.03.22"]
[Round "7.5"]
[White "Petrosian, Tigran L"]
[Black "Nalbandian, Tigran"]
[Result "1-0"]
[WhiteElo "2558"]
[BlackElo "2524"]
[PlyCount "51"]
[EventDate "2006.03.16"]
[EventType "tourn"]
[EventRounds "9"]
[EventCountry "ARM"]
[EventCategory "11"]
[Source "lmi"]
[SourceDate "2006.03.25"]

1. e4 e5 2. Nf3 Nf6 3. d4 Nxe4 4. Bd3 d5 5. Nxe5 Nd7 6. Nxd7 Bxd7 7. O-O Bd6 8.
Nc3 Nxc3 9. bxc3 O-O 10. Qh5 f5 11. Re1 Qf6 12. Qf3 c6 13. Bf4 Rae8 14. Qg3 Ba3
15. Rab1 b5 16. Rxe8 Rxe8 17. Be5 Qg6 18. Qf4 h6 19. h3 Qg5 20. Qf3 Be7 21.
Bxb5 Qg6 22. Bd3 Bd6 23. Rb7 Qe6 24. Rxa7 Bxe5 25. dxe5 c5 26. Qe3 1-0

[Event "66. Armenia ch 2006"]
[Site "Yerevan ARM"]
[Date "2006.03.23"]
[Round "8.1"]
[White "Asrian, Karen"]
[Black "Nalbandian, Tigran"]
[Result "1/2-1/2"]
[WhiteElo "2646"]
[BlackElo "2524"]
[PlyCount "82"]
[EventDate "2006.03.16"]
[EventType "tourn"]
[EventRounds "9"]
[EventCountry "ARM"]
[EventCategory "11"]
[Source "lmi"]
[SourceDate "2006.03.25"]

1. e4 e5 2. Nf3 Nf6 3. d4 Nxe4 4. Bd3 d5 5. Nxe5 Nd7 6. Nc3 Nxe5 7. dxe5 Nxc3
8. bxc3 Be7 9. O-O O-O 10. Rb1 c6 11. f4 f5 12. Be3 b5 13. Kh1 Be6 14. Qd2 a5
15. Qf2 d4 16. Bxd4 Bxa2 17. Ra1 Qd5 18. Rfd1 Qe6 19. Bc5 Bxc5 20. Qxc5 Rfd8
21. Rd2 Bc4 22. Bxc4 Qxc4 23. Qxc4+ bxc4 24. Rxa5 Rxd2 25. Rxa8+ Kf7 26. Kg1
Rxc2 27. Rc8 Rxc3 28. Rxc6 Rc2 29. h4 h5 30. Kh2 Rc3 31. Rc7+ Kf8 32. Kg1 Rc2
33. Kf1 c3 34. Kg1 Kg8 35. Kh2 Kh7 36. Kg3 Kg6 37. Kf3 Rc1 38. Ke3 Rc2 39. Kf3
Rc1 40. Ke3 Rc2 41. Kf3 Rc1 1/2-1/2